000 00843nam a2200265Ia 4500
003 OSt
005 20221007105523.0
006 a|||||r|||| 00| 0
007 ta
008 221006b |||||||| |||| 00| 0 eng d
020 _a8186196323
024 _a18,775
037 _cTextual
040 _aLCO
_cLCO
_beng
041 _2eng
_aeng
082 _aV1:5, N8
100 _aA Panel of Legal Comentators Ed.
_9706713
245 2 _aLaw Relating to Human Rights
_b The Protection of Human Rights Act, 1993 with Commentary Regulations, Allied Laws, International Covenants, Constitutional Provisions etc.
250 _a5th
260 _aHyderabad
_bAsia Law House India
_c1998
300 _a204
650 _aHUMAN RIGHTS
942 _hV1:5, N8
_cTEXL
999 _c1188338
_d1188338